000 01010cam a2200265 i 4500
001 25431
003 Mx-PuUPA
005 20251003090233.0
008 140415s2006 sp a fr 000 0 eng d
020 _a9788820978808
040 _cMx-PuUPA
_aMx-PuUPA
_bspa
_dMx-PuUPA
_erda
041 0 _aeng
111 2 _aProceedings of the Workshop at the Pontificical Gregorian University
_d(30 Sept. - 1 Oct. 2005 :
_cRome)
245 1 4 _aThe controversial relationships between science and philosophy :
_ba critical assessment /
_cEdited by Gennaro Auletta
264 1 _aVaticano :
_bLibreria Editrice Vaticana,
_c©2006
300 _a328 páginas :
_bilustraciones ;
_c24 cm
336 _2rdacontent
_atexto
_btxt
337 _2rdamedia
_asin medio
_bn
338 _2rdacarrier
_avolumen
_bnc
490 0 _aThe STOQ Project Research Series ;
_v3
650 7 _2armarc
_aFilosofía y ciencia
_vCongresos
700 1 _aAuletta, Gennaro,
_eeditor
942 _2ddc
_cLI
_h501
_iC74
999 _c25431
_d25431